000 00720nas a2200241 4500
001 BR9202435
003 BR-BrBNA
005 20231205092508.0
007 ta
008 230509b bl.|||p| |||| 00| 00por d
040 _aBR-BrBNA
_bpor
_cBiblioteca Nacional de Agricultura
041 _a(Pt)
072 _aL73
100 1 _aAlencar Filho, R.A. de
100 1 _aRodrigues, C.F.M.
245 1 _aLinfossarcoma em bovino forma timica
650 _aGADO LEITEIRO
650 _aLINFOSSARCOMA
650 _aDOENCA ANIMAL
773 0 _tRevista Brasileira de Medicina Veterinaria (Brazil)
_xISSN 0100-2430
_g(Oct-Dec 1982), v. 5(4) p. 3-8
_wBR9202435
909 _a202311
_bLúcia
_c55
_dLúcia Elande
942 _2AGRIS
_n0
_cANA
999 _c132138
_d132138